| 000 | 00386pab a2200157 454500 | ||
|---|---|---|---|
| 008 | 180718b2004 xxu||||| |||| 00| 0 eng d | ||
| 100 | _aRoy, A.K. | ||
| 245 | _aWhy this alarm? Supreme court's judgment on disinvestment | ||
| 260 | _c2004 | ||
| 300 | _ap.7-8,24. | ||
| 362 | _a14 Feb | ||
| 650 | _aPublic sector | ||
| 650 | _aPrivatization | ||
| 773 | _aMainstream | ||
| 909 | _a59525 | ||
| 999 |
_c59525 _d59525 |
||